000 01297nam2a22002531 4500
001 rc\4934297
005 20250612205959.0
021 _aRU
_bРг4959-65
035 _a(NLR Aleph) 008847981
090 _a8382764
_c8382764
100 _a20130426d1963 |||y0rusy50 ca
101 0 _arus
102 _aRU
105 _ay z |||||
200 1 _aМетодология исследований процессов резания древесных материалов
_eРед. 1
_fРазработано НИС'ом Моск. лесотехн. ин-та по теме № 5750а в 1963 г. на кафедре "Станки и инструменты" проф. д-ром техн. наук Манжос Ф.М.
210 _d[1963]
_aБ. м.
215 _a[2], 60 л.
461 0 _1001rc\4934296
_12001#$aРуководящие указания по исследованию резания древесных материалов$e1-$v1
_98382759
_c[Москва
_d1964]
_nБ. и.
_o1-
_tРуководящие указания по исследованию резания древесных материалов
_v1
702 1 _aМанжос
_bФ.М.
_gФедор Матвеевич
_4570
801 0 _aRU
_bNLR
_gpsbo
801 1 _aRU
_bELAR
_2rusmarc
852 _aNLR
_j65-8/1067
942 _cBOOK
980 _aNB